000 00410nam a2200157Ia 4500
008 210716s2011 xx 000 0 und d
020 _a9788131758083
041 _aeng
082 _a004.65 DARN
100 _aDarukhanawalla, Nash.
245 _aInterconnecting data centers using vpls.
250 _a1
260 _aNew Delhi
_bPearson Education
_c2011
300 _axix,362
650 _aComputer Networks
999 _c191652
_d191652